Rescate y puesta en valor del fondo bibliográfico Valentín Letelier

Saved in:
Bibliographic Details
Main Author: González Yévenes, Ana María (Author)
Format: Book
Language:Spanish
Published: Talca Consejo Nacional de la Cultura y las Artes 2017
Talca Universidad Católica del Maule 2017
Edition:1a. ed
Subjects:
Tags: Add Tag
No Tags, Be the first to tag this record!

MARC

LEADER 00000cam a2200000 a 4500
001 UCC4039
003 CL-VaPUC
005 20240610092840.0
008 180629e20171200cl |||||||||||||||||spa|d
999 |c 371647  |d 371645 
020 |a 9789567576883 
040 |c Pontificia Universidad Católica de Valparaíso 
082 0 4 |a 025.84  |b GON  |2 21 
100 |a González Yévenes, Ana María  |e author  |9 598160 
245 1 0 |a Rescate y puesta en valor del fondo bibliográfico Valentín Letelier 
250 |a 1a. ed 
260 |a Talca  |b Consejo Nacional de la Cultura y las Artes  |c 2017 
260 |a Talca  |b Universidad Católica del Maule  |c 2017 
300 |a 210 p 
583 |a last modification  |c 20181010 02:46:57  |k Rodrigo Vera 
600 |a Letelier Madariaga, Valentín   |d 1852-1919  |9 860619 
650 0 |a Archivos  |9 322428 
650 7 |a CONSERVACION Y RESTAURACION  |2 CL-VaPUC  |9 267543 
650 7 |a PATRIMONIO DOCUMENTAL  |2 CL-VaPUC  |9 494161 
650 0 |a Sociología de la educación   |9 260380 
650 0 |a Investigación educacional   |9 261192 
942 |c BK  |2 ddc 
945 |d 20180629 12:42:00  |a arojas 
952 |0 0  |1 0  |3 erb  |4 0  |6 025_840000000000000_GON_2017_2017  |7 0  |8 X  |9 488718  |a FDOBUD  |b FDOBUD  |i 5478871  |o 025.84 GON 2017 2017  |p 5478871  |r 2019-11-24  |w 2019-11-24  |y BK_X  |z Catalogado en:20180629  |k BUD 
952 |0 0  |1 0  |3 erb  |4 0  |6 025_840000000000000_GON_2017_2017  |7 0  |8 X  |9 488719  |a FDOBUD  |b FDOBUD  |i 5500702  |o 025.84 GON 2017 2017  |p 5500702  |r 2019-11-24  |w 2019-11-24  |y BK_X  |z Catalogado en:20180927  |k BUD